|
|
|
|
| LEADER |
01773nam a2200337 a 4500 |
| 001 |
0017178 |
| 003 |
BD-DhAAL |
| 008 |
090730s2006 nyu b 001 0 eng d |
| 010 |
|
|
|a 2005049320
|
| 020 |
|
|
|a 9781403939852 (pbk)
|
| 020 |
|
|
|a 1403939853 (pbk)
|
| 040 |
|
|
|a DLC
|c DLC
|d DLC
|d BD-DhAAL
|
| 082 |
0 |
0 |
|a 823.809
|2 22
|
| 100 |
1 |
|
|a Sutherland, John,
|d 1938-
|9 27629
|
| 245 |
1 |
0 |
|a Victorian fiction :
|b writers, publishers, readers /
|c John Sutherland.
|
| 260 |
|
|
|a New York :
|b Palgrave Macmillan,
|c 2006.
|
| 300 |
|
|
|a xxv,198 pages :
|c 22 cm
|
| 504 |
|
|
|a Includes bibliographical references and index.
|
| 526 |
|
|
|a ENH
|x Prof. Syed Manzoorul Islam
Faculty Member of BRAC University
|
| 541 |
1 |
|
|e 00017178
|a Friends' Book Corner
|
| 650 |
|
0 |
|a English fiction
|y 19th century
|x History and criticism.
|9 27630
|
| 650 |
|
0 |
|a Publishers and publishing
|z Great Britain
|x History
|y 19th century.
|9 27631
|
| 650 |
|
0 |
|a Authors and publishers
|z Great Britain
|x History
|y 19th century.
|9 27632
|
| 650 |
|
0 |
|a Fiction
|x Appreciation
|z Great Britain
|x History
|y 19th century.
|9 27633
|
| 650 |
|
0 |
|a Authors and readers
|z Great Britain
|x History
|y 19th century.
|9 27634
|
| 650 |
|
0 |
|a Fiction
|x Publishing
|z Great Britain
|x History
|y 19th century.
|9 27635
|
| 650 |
|
0 |
|a Books and reading
|z Great Britain
|x History
|y 19th century.
|9 27636
|
| 852 |
4 |
|
|a Ayesha Abed Library
|c General Stacks
|
| 942 |
|
|
|2 ddc
|c BK
|
| 999 |
|
|
|c 2987
|d 2987
|
| 952 |
|
|
|0 0
|1 0
|2 ddc
|4 0
|6 823_000000000000000__809_SUT
|7 0
|9 2702
|a BRACUL
|b BRACUL
|c GEN
|d 2009-08-18
|e Friends' Book Corner
|g 3274.00
|l 4
|m 20
|o 823.809 SUT
|p 3010017178
|r 2019-11-21
|s 2019-08-28
|t 1
|w 2009-08-18
|y BK
|x Lost and replaced the book accession number : 17178 Faculty member Nawshaba Ahmed (00004266) ; Requisitioned by Prof. Syed Manzoorul Islam (Faculty Member of BRAC University).
|